| 000 | 02062cam a22003134i 4500 | ||
|---|---|---|---|
| 003 | PE-LiUPU | ||
| 005 | 20250812101643.0 | ||
| 008 | 1950 xxka rb 000 0 hrv d | ||
| 020 | _aABS-1950-10M | ||
| 035 | _aPE-LiUPUXXXXX | ||
| 040 |
_aPE-LiUPU _bhrv _cPE-LiUPU _erda |
||
| 041 | 1 |
_ahrv _hheb |
|
| 082 | 0 | 4 |
_a220.53497 _bS968 _223 |
| 245 | 1 | 0 |
_aSveto pismo : _bstaroga i novoga zavjeta / _ctraducido por G. J. Daničić. |
| 264 | 1 |
_aNjujork ; _aLondon : _bIzdanje Britanskoga i inostranoga biblijskoga društva, _c1950. |
|
| 300 |
_a[xxxii], 731 páginas ; _c22 cm |
||
| 336 |
_atext _2rdacontent |
||
| 337 |
_aunmediated _2rdamedia |
||
| 338 |
_avolume _2rdacarrier |
||
| 500 | _aTexto bíblico en croata, traducción directa del hebreo y griego. | ||
| 500 | _aIncluye índice de libros del Antiguo y Nuevo Testamento. | ||
| 505 | 0 | _aPrva knjiga Mojsijeva -- Druga knjiga Mojsijeva -- Treća knjiga Mojsijeva -- Četvrta knjiga Mojsijeva -- Peta knjiga Mojsijeva -- Knjiga Jošue Navina -- Knjiga sudijama -- Knjiga o Ruti -- Prva knjiga Samuilova -- Druga knjiga Samuilova -- Prva knjiga o carevima -- Druga knjiga o carevima -- Prva knjiga dnevnika -- Druga knjiga dnevnika -- Knjiga Ezdrina -- Knjiga Nehemijina -- Knjiga o Esteri -- Knjiga o Jobu -- Psalmi Davidovi -- Priče Salamonove -- Pjesma nad pjesmama -- Knjiga proroka Isaije -- Knjiga proroka Jeremije -- Plač Jeremijin -- Knjiga proroka Ezekijela -- Knjiga proroka Danijela -- Knjiga proroka Ozeja -- Knjiga proroka Joela -- Knjiga proroka Amosa -- Knjiga proroka Abdije -- Knjiga proroka Jone -- Knjiga proroka Miheje -- Knjiga proroka Nauma -- Knjiga proroka Habakuka -- Knjiga proroka Sofonije -- Knjiga proroka Ageja -- Knjiga proroka Zaharije -- Knjiga proroka Malahije. | |
| 630 | 0 |
_aBiblia. _vVersiones croatas. _96524 |
|
| 700 |
_aDaničić, G. J., _etraductor. _96501 |
||
| 700 |
_aKaradžić, Vuk Stefanović, _etraductor. _96502 |
||
| 710 |
_aBritish and Foreign Bible Society, _eeditor. _96503 |
||
| 942 |
_2ddc _cBK |
||
| 980 |
_818226 _gJaime Vilcazán Jefe de Análisis Documental |
||
| 999 |
_c44068 _d44068 |
||